Slang words for money - Statistics

General Stats
  • This quiz has been taken 12 times
  • The average score is 2 of 8
Answer Stats
Hint Answer % Correct
- Originally from a french word- Money in a box Cash
100%
- literal translation- Spanish Dinero
33%
- English / Germanic roots- Plunder / valuable goods Loot
25%
- ... of bills Wad
25%
- Represents daily Survival - just like Money Bread
17%
- quite rare, Italian origin- Food Pasta
17%
- 1000 $ bundles Racks
17%
- From Carribean English- Kodak Black Skrilla
8%
No matching quizzes found
Score Distribution
Percent of People with Each Score
Percentile by Number Answered
Your Score History
You have not taken this quiz